000 01785nam a2200505 i 4500
001 46868
003 KOSZ 005
005 20240405063152.0
008 050901s2005 pl ad |000 0 pol
015 _aUWD 2005/19382
020 _a8372994013
035 _a991028586279705066
035 _a(PL-WaBN)b17735014-48omnis_nlop
035 _ab17735014
035 _a(OCoLC)749732816
035 _a(PL)b0000001773501
035 _a(EXLNZ-48OMNIS_NETWORK)9910165791005606
040 _aWA N
_cWA N
_dKOSZ 005/HR
046 _k2005
080 _a332.6/.8(438)
080 _a347.2(438)
245 0 0 _aGospodarka i zarządzanie zasobami nieruchomości /
_cpod red. Ryszarda Źróbka.
260 _aOlsztyn :
_bWydawnictwo Uniwersytetu Warmińsko-Mazurskiego,
_ccop. 2005.
300 _a130 s. :
_brys. (w tym kolor.), wykr. ;
_c24 cm.
336 _aTekst
_btxt
_2rdacontent
337 _aBez urządzenia pośredniczącego
_bn
_2rdamedia
338 _aWolumin
_bnc
_2rdacarrier
380 _aKsiążki
388 _a2001-
504 _aBibliogr. i akty prawne przy pracach.
648 _a1901-2000
648 _a1989-2000
648 _a2001-
650 7 _aGospodarowanie nieruchomościami
_2DBN
650 7 _aZarządzanie nieruchomościami
_2DBN
650 7 _aPrawo gospodarki nieruchomościami
651 _aPolska
658 _aGospodarka, ekonomia, finanse
658 _aZarządzanie i marketing
700 1 _aŹróbek, Ryszard
_d(1952- )
_eRedakcja
710 2 _aWydawnictwo Uniwersytetu Warmińsko-Mazurskiego (Olsztyn)
_4pbl
856 _uhttp://koha.tu.koszalin.pl/cgi-bin/koha/opac-detail.pl?biblionumber=46868
_yKatalog online BPK
942 _2UKD
_cKS
999 _c46868
_d46868